000 00301nam a22001217a 4500
008 230606b xxu||||| |||| 00| 0 eng d
020 _a9789966530387
082 _a342.026762
_bLUM
245 _aSwearing By Kenya
_cPLO Lumumba
260 _aNairobi
_bLaw Africa
_c2016
300 _a407 p
942 _2ddc
_cBK
999 _c541
_d541